Catálogo

LA INVESTIGACION DEL COMPORTAMIENTO : (Registro nro. 43423)

Detalles MARC
000 -LEADER
fixed length control field 01054nam a2200205 a 4500
001 - CONTROL NUMBER
control field 43423
005 - DATE AND TIME OF LATEST TRANSACTION
control field 20180714021935.0
008 - FIXED-LENGTH DATA ELEMENTS--GENERAL INFORMATION
fixed length control field 140415s2001 mx 000 0 spa d
020 ## - INTERNATIONAL STANDARD BOOK NUMBER
International Standard Book Number 9706135952
041 ## - LANGUAGE CODE
Language code of text/sound track or separate title spa
082 ## - DEWEY DECIMAL CLASSIFICATION NUMBER
Classification number 001.42
Item number SOM
100 1# - MAIN ENTRY--PERSONAL NAME
Personal name SOMMER, BARBARA
245 13 - TITLE STATEMENT
Title LA INVESTIGACION DEL COMPORTAMIENTO :
Remainder of title UNA GUIA PRACTICA CON TECNICAS Y HERRAMIENTAS
250 ## - EDITION STATEMENT
Edition statement 1a ed.
260 ## - PUBLICATION, DISTRIBUTION, ETC.
Place of publication, distribution, etc. MEXICO :
Name of publisher, distributor, etc. OXFORD UNIVERSITY PRESS MEXICO,
Date of publication, distribution, etc. 2001
300 ## - PHYSICAL DESCRIPTION
Extent 468
Dimensions x 17 x 23
520 ## - SUMMARY, ETC.
Summary, etc. UNO DE LOS ASPECTOS MÁS DESTACADOS DE ESTA OBRA ES SU EVIDENTE SENSIBILIDAD HACIA LAS NECESIDADES E INQUIETUDES DE LOS ESTUDIANTES. PRUEBA DE ELLO ES LA INCLUSIÓN DE ESTUDIOS QUE ILUSTRAN ASPECTOS TEÓRICOS YMETODOLÓGICOS, CON EJERCICIOS PRÁCTICOS INTELIGENTES AL FINAL DE LOS CAPÍTULOS Y LA EXPOSICIÓN CLARA Y DIRECTA DE LOS TEMAS. ESTE ES UN LIBRO DE CONSULTA FÁCIL DE LEER QUE ABARCA TODOS LOS ASPECTOS FUNDAMENTALES. MUY CLARO Y EXTENSO DE TE
650 14 - SUBJECT ADDED ENTRY--TOPICAL TERM
Topical term or geographic name entry element INVESTIGACION
General subdivision METODOLOGIA
700 1# - ADDED ENTRY--PERSONAL NAME
Personal name SOMMER, ROBERT
Relator term coaut.
Existencias
Withdrawn status Lost status Source of classification or shelving scheme Damaged status Not for loan Collection code Home library Current library Shelving location Date acquired Source of acquisition Inventory number Total Checkouts Total Renewals Full call number Barcode Date last seen Date last checked out Price effective from Koha item type
    Dewey Decimal Classification     General Biblioteca Karol Wojtyla Biblioteca Karol Wojtyla Sala general 03/12/2013 Compra 151000000000000000065357 1 1 '001.42 SOM 65287 05/01/2026 12/10/2023 03/12/2013 Libro